Gestão estratégica da informação e inteligência competitiva / (Record no. 966)

MARC details
000 -LÍDER
Campo Fixo de Controle 01004nam a2200289 a 4500
001 - NÚMERO DE CONTROLE
Campo de Controle 966
003 - IDENTIFICAÇÃO DO NÚMERO DE CONTROLE
Campo de Controle BR-CuiBMT
005 - DATA E HORA DA ÚLTIMA ATUALIZAÇÃO
Campo de Controle 20231124003518.0
008 - DADOS FIXOS
Dados Fixos 231123s2006 spba 000 0 por d
020 ## - INTERNATIONAL STANDARD BOOK NUMBER
Nº do ISBN 9788502053809
040 ## - AGÊNCIA CATALOGADORA
Código da Agência Catalogadora BR-CuiBMT
Agência que transcreveu o registro BR-CuiBMT
080 ## - Nº DA CLASSIFICAÇÃO DECIMAL UNIVERSAL
Nº edição CDU 2007
Nº Class. CDU 658:001.102
090 ## - NÚMERO DE CHAMADA
Nº classificação 658:001.102
Cutter G393
245 00 - TÍTULO PRINCIPAL
Título principal Gestão estratégica da informação e inteligência competitiva /
Indicação de responsabilidade [organizadores] Claudio Starec, Elisabeth Gomes, Jorge Bezerra.
260 ## - PUBLICAÇÃO, DISTRIBUIÇÃO, ETC.
Local de publicação São Paulo :
Editora Saraiva,
Data 2006.
300 ## - DESCRIÇÃO FÍSICA
N. páginas ou volumes xvi, 351 p. :
Ilustrações il. ;
Dimensões 24 cm
504 ## - NOTA DE BIBLIOGRAFIA, ETC.
Nota de bibliografia Inclui bibliografia.
590 ## - NOTA LOCAL
Nota local A biblioteca possui 4. reimpr. 2008.
650 ## - ASSUNTO TÓPICO
Cabeçalho tópico ou nome geográfico Sistemas de informação gerencial
650 ## - ASSUNTO TÓPICO
Cabeçalho tópico ou nome geográfico Tecnologia da informação
Subdivisão geral Governança
650 ## - ASSUNTO TÓPICO
Cabeçalho tópico ou nome geográfico Sistemas de informação
Subdivisão geral Administração
650 ## - ASSUNTO TÓPICO
Cabeçalho tópico ou nome geográfico Gerenciamento de recursos de informação
700 1# - ENTRADA SECUNDÁRIA -- NOME PESSOAL
Nome pessoal Starec, Claudio,
Datas associadas ao nome 1965-
Cód. do termo explicativo org.
700 1# - ENTRADA SECUNDÁRIA -- NOME PESSOAL
Nome pessoal Gomes, Elisabeth
Cód. do termo explicativo org.
700 1# - ENTRADA SECUNDÁRIA -- NOME PESSOAL
Nome pessoal Bezerra, Jorge
Cód. do termo explicativo org.
942 ## - ELEMENTOS DE ENTRADA ADICIONAIS (KOHA)
Fonte de classificação ou esquema de arquivamento Classificação Decimal Universal
Tipo de item do Koha Livros
Holdings
Estado: removido Estado: perdido Fonte de classificação ou esquema de arquivamento Estado: danificado Indisponível para empréstimo Localização permanente Localização atual Data de aquisição Total Checkouts Número de Chamada completo Código de barras Date last seen Número do exemplar Preço efetivo a partir de Tipo de item (Koha) Nota pública
    Classificação Decimal Universal     Biblioteca da Escola Superior de Contas do TCE/MT Biblioteca da Escola Superior de Contas do TCE/MT 24/11/2023   658:001.102 G393 BIBTCEMT23111033 24/11/2023 Ex. 1 24/11/2023 Livros 4. reimpr. 2008

Powered by Koha